000
00256nam a2200097Ia 4500
001
1250437
005
20251031150856.0
008
251031s9999 xx 000 0 und d
245
0
_c
JOSE SARAMAGO
_a
G-1 MIZRAKLAR TÜFEKLER
260
_b
KIRMIZI KEDİ YAYINLARI
999
_c
1250437
_d
1250437